000 00301nam a22001337a 4500
008 170830b xxu||||| |||| 00| 0 eng d
020 _a2900195063171
041 _aeng
080 _a070
100 _a40
101 _aMED
245 _aELOQUENCE IN AN ELETRONIC AGE
_cJAMIESON,K.H
942 _2udc
_cBK
999 _c25611
_d25611